| 000 | 01697nam a22001457a 4500 | ||
|---|---|---|---|
| 999 |
_c529881 _d529881 |
||
| 008 | 250513b ||||| |||| 00| 0 eng d | ||
| 100 |
_aJain, Manjusha _953010 |
||
| 245 | _aRelevance of accrual accounting for Indian railways | ||
| 260 | _aIndian Journal of Public Administration | ||
| 300 | _a71(1), Mar, 2025: p.92-103 | ||
| 520 | _aRecognising the need for transparency and accountability to build stake-holders’ confidence, public service organisations worldwide have been undergoing administrative and accounting reforms, the latter leading to a shift to accrual accounting system. Financial reports produced through accrual accounting are valuable inputs for strategic business decisions for organisations while providing credibility and transparency to the accounts for external stakeholders. Subsequent to the implementation of accrual accounting in the Indian Railways (IRs), for the first time ever in a Ministry of the Government of India, financial statements were prepared in universally acceptable commercial format to reflect its true and complete financial health and will further facilitate the introduction of the crucial performance costing system in IR. A paradigm shift in its account-keeping in conformity to international standards and incisive costing is expected to secure better business standards and financial returns for the mammoth commercial organisation.- Reproduced https://journals.sagepub.com/doi/full/10.1177/00195561241284854 | ||
| 650 |
_aAccrual accounting, Accounting reforms, Indian railways, Government accounting reforms, Public sector accounting reforms. _953011 |
||
| 773 | _aIndian Journal of Public Administration | ||
| 942 | _cAR | ||